000 00547nam a2200181Ia 4500
008 090630s9999 xx 000 0 und d
082 _b2336
100 _aअमरेंद्र.
245 _aवंदे मातरम.
_cअमरेंद्र.
260 _bव्होरा कंपनी.
_c1972
300 _a91
600 _aअमरेंद्र.
630 _aवंदे मातरम.
655 _aइतर.
700 _aअमरेंद्र.
730 _aवंदे मातरम.
942 _cBOOK
999 _c254192
_d254192